00744nam a2200169 i 450000100060000000300090000600500170001500700030003200800410003510000390007624501960011526000730031130000220038485200310040699900170043795201200045434206ES-MaACL20230906154907.0t|030204s1910 sp ||||1| spa d1 aBlanco y Sánchez, Rufino.92931110aPedagogía clásica b: Platón : sus doctrinas pedagógicas : la heurística : primera exposición y ejemplos del procedimiento de enseñanza socrática /cRufino Blanco y Sánchez. aMadrid : b[s.n., c1910] (fTipografía de la Revista de Archivos) a189 p. ; c18 cm. aES-MaACLjA-5025 bR.16935 c34206d34206 00104070aATENEOMbATENEOMcSPP1d2008-01-17eSCl0oA-5025p1035669r2023-02-23 00:00:00w2023-02-23yMONOGRAFIA